书目信息 |
| 题名: |
文艺理论学习参考资料
|
|
| 作者: | ||
| 分册: | 上集 | |
| 出版信息: | 山东七师专中文系文艺理论编写组 |
|
| 页数: | 348页 | |
| 开本: | 19cm | |
| 丛书名: | ||
| 单 册: | ||
| 中图分类: | I02 , I0 | |
| 科图分类: | ||
| 主题词: | 文学理论 | |
| 电子资源: | ||
| ISBN: | ||
| 000 | 00445nam0 2200169 450 | |
| 001 | 1560585675 | |
| 005 | 20150128115904.42 | |
| 100 | @a20070819d km y0chiy0120 ea | |
| 101 | 0 | @achi |
| 200 | 1 | @a文艺理论学习参考资料@Awen yi li lun xue xi can kao zi liao@h上集 |
| 210 | @c山东七师专中文系文艺理论编写组 | |
| 215 | @a348页@d19cm | |
| 606 | 0 | @a文学理论 |
| 690 | @aI02@v3 | |
| 690 | @aI0@v4 | |
| 801 | 0 | @aCN@bPFT@c20070819 |
| 905 | @aZUCC@dI0@eJY47:1 | |
| 文艺理论学习参考资料.上集.-山东七师专中文系文艺理论编写组 |
| 348页;19cm |
| ISBN : |
| ● |
| 相关链接 |
|
|
|
|
正题名:文艺理论学习参考资料
索取号:I0/JY47:1
 
预约/预借
| 序号 | 登录号 | 条形码 | 馆藏地/架位号 | 状态 | 备注 |
| 1 | 7839974 | 278399742 | 学院路分馆/ [索取号:I0/JY47:1] | 在馆 | |
| 2 | 7850147 | 278501471 | 学院路分馆/ [索取号:I0/JY47:1] | 在馆 |